000 00296nam a2200121Ia 4500
008 220204s9999 xx 000 0 und d
082 _aNR:62:006.73
_bSMR;4
245 0 _aRoutine SMR test methods
260 _aKuala Lumpur
_bRRIM
700 _aAnnie Chin
700 _aLee Soh Hoong
942 _cBK
999 _c22402
_d22402